Responses for show #2150 - Friday, December 31, 1993

Contestants

Bob Aumann, a decorating contractor from Palatine, Illinois

Jeff Frankel, a dentist from Fort Lee, New Jersey

Mickie Grover, a Ph.D. candidate from Yorktown Heights, New York (whose 1-day cash winnings total $10,200)

Jeopardy! Round responses

IN THE BOOKSTORE
1960s BROADWAY
BUSINESS & INDUSTRY
U.S.A.
COOKING
"BOX" LUNCH
    $100 1
"Cinderella"

Jeff
    $100 2
Camelot

Mickie
    $100 10
the Model T

Bob
    $100 11
Empire State Building

Jeff
    $100 26
curdling

Jeff
    $100 16
a box kite

Jeff
    $200 3
Carrie Fisher

Mickie
    $200 5
Judy Garland

Bob
    $200 12
Gerber

Mickie
    $200 14
Mount Vernon

Mickie
    $200 27
[ERRATUM: Bob's score changes to $4000 upon his correct response here, but is properly adjusted during the next clue.]

marble

Bob
    $200 18
(Jeff: What is nine?)
[ERRATUM: Mickie's score accidentally changes to $1300; corrected after clue 27.]

boxcars

MickieJeff
    $300 4
Henry Miller

Jeff
    $300 6
Hair

Mickie
    $300 17
Diesel

Bob
    $300 15
hockey

Bob
    $300 28
[ERRATUM: Mickie was mistakenly credited $100; Alex would note the score change before Double Jeopardy!]

biscuits

Mickie
    $300 19
a tinderbox

Bob
    $400 7
Anne Rice

Jeff
    $400 8
Hello, Dolly!

Jeff
    $400 24
General Mills

Bob
    $400 22
(Jeff: What is California?)

Louisiana

JeffBob
    $400 29
browning

Bob
    $400 20
a pillbox hat

Bob
    $500 13
Thomas Wolfe

Bob
    $500 9
How to Succeed in Business Without Really Trying

Jeff
    $500 25
Sherwin-Williams

Jeff
    $500 23
(Anton) Dvorák

Bob
    $500 30
(Jeff: What are Valencias?)

Sevilles

MickieJeff
    $500 21
(Jeff: ... [Time runs out] Oh! What is [*]?)
(Alex: No.)
(Bob: [Rings in and looks at Jeff] What is a [*]?)
(Alex: [*], yeah. You took a little too long there, Jeff. Sorry.)

a shadowbox (or shadow-box)

JeffBob

Scores at the first commercial break (after clue 15):

Mickie Jeff Bob
$1,000 $1,800 $1,100

Scores at the end of the Jeopardy! Round:

Mickie Jeff Bob
$2,000 $900 $4,500

Double Jeopardy! Round responses

1922
ANIMALS IN MYTHOLOGY
AWARDS
ARCHAEOLOGY
HISTORIC NAMES
POETS & POETRY
    $200 1
(Alexander Graham) Bell

Jeff
    $200 5
a swan

Jeff
    $200 8
Bruce Willis

Jeff
    $200 27
the Neanderthal Man

Bob
    $200 21
Constantine

Bob
    $200 7
Gunga Din

Jeff
    $400 2
(Jeff: What is the Turkish Empire?)

the Ottoman Empire

JeffBob
    $400 17
a bear

Mickie
    $400 9
Laurel & Hardy

Jeff
    $400 28
Great Britain (or England)

Mickie
    $400 22
(Father) Damien

Mickie
    $400 11
(Robert) Frost

Mickie
    $600 3
the Lincoln Memorial

Bob
    $600 18
a horse

Mickie
    $600 10
(Bob: Who was Admiral Peary?)

(Richard) Byrd

MickieBob
    $600 29
the dingo

Mickie
    $600 23
(Giuseppe) Garibaldi

Jeff
    $600 12
"...but only God can make a tree"

Bob
    $800 4
Ireland

Mickie
    $800 19
the Lion

Mickie
    $800 13
(Alex: Hence the Dewey Decimal System for [*]. Bob, back to you.)

the American Library Association

Triple Stumper
    $200 30
Turkey

Mickie
    $2,000 24
(Jeff: Who was Taft?)

(John) Sherman

Jeff
    $800 15
a cage

Mickie
    $1000 6
(Booth) Tarkington

Mickie
    $1000 20
(Mickie: Who is Cerubus?)
(Bob: Who was Cerebus?)
...
(Alex: Both of you are hung up on the pronunciation, "What is [*]?"--and the spelling, obviously--Cer-ber-us. Mickie, back to you.)

Cerberus

MickieBob
Triple Stumper
    $1000 14
the Red Cross

Mickie
    $1000 26
Cuneiform

Bob
    $1000 25
(Bob: Who was Baron von Richthofen?)

(Hermann) Göring

JeffBob
    $1000 16
(Sylvia) Plath

Mickie

Scores at the end of the Double Jeopardy! Round:

Mickie Jeff Bob
$10,000 $1,300 $4,900
(lock game)

[wagering suggestions for these scores]

Final Jeopardy! Round responses

POLITICIANS
JeffWho was G. Bush?
$1,300
BobWho is George Bush?
$100
MickieWho is Geo. Bush?
$0
George Bush

Final scores:

Mickie Jeff Bob
$10,000 $2,600 $5,000
2-day champion: $20,200 3rd place: Maytag dishwasher and Wheel of Fortune/Jeopardy! video games for the Super Nintendo Entertainment System and Sega Genesis system 2nd place: Dynamark Security System and Daniel Mink watches

Game dynamics:

Coryat scores:

Mickie Jeff Bob
$10,600 $3,300 $4,900
22 R
(including 1 DD),
1 W
16 R
(including 1 DD),
6 W
(including 1 DD)
19 R,
3 W

Combined Coryat: $18,800

The J! Archive is created by fans, for fans. The Jeopardy! game show and all elements thereof, including but not limited to copyright and trademark thereto, are the property of Jeopardy Productions, Inc. and are protected under law. This website is not affiliated with, sponsored by, or operated by Jeopardy Productions, Inc. Join the discussion at JBoard.tv.